Laddar...

Tribal development issues in India.Vol 2

Bibliografiska uppgifter
Huvudupphovsman: LAL,Suresh B
Materialtyp: Printed Book
Publicerad: Serials publications ,New Delhi 2014
Ämnen:
LEADER 00571nam a2200193 4500
020 |c 4000 
082 |a 307.7 LAL-T 
100 |a LAL,Suresh B 
245 |a Tribal development issues in India.Vol 2 
250
260 |a Serials publications ,New Delhi  |c 2014 
300
490
500 |a 2 set of volume 
590 |a Ganesh Book Centre,Tvpm  |c 4000 
650 |a Tribal communities-- Sociology 
942 |c BK 
999 |c 116913  |d 116913 
952 |0 0  |1 0  |4 0  |6 307_700000000000000_LALT  |7 0  |9 130380  |a ECN  |b ECN  |g 4000.00  |l 0  |o 307.7 LAL-T  |p ECN13934  |r 2019-09-25  |w 2019-09-25  |y BK